| 000 | 00686cam a2200253 4500 | ||
|---|---|---|---|
| 001 | 46165 | ||
| 010 | _a9722512838 | ||
| 021 | _b189127/03 | ||
| 090 | _a46165 | ||
| 100 | _a20030606d2003 m y0pory5003 ba | ||
| 101 | 0 | _apor | |
| 102 | _aPT | ||
| 200 | 1 |
_aDo 11 de Setembro à crise do Iraque _fDiogo Freitas do Amaral |
|
| 205 | _a2.ª ed. | ||
| 210 | 9 |
_aLisboa _cBertrand, _d2003 |
|
| 215 |
_a109 p. _d23 cm |
||
| 225 | 2 | _aEnsaios e documentos | |
| 675 | _a323.2(73)"2001/2002"(046) | ||
| 675 | _a327(73)"2001/2002"(046) | ||
| 675 | _a327.5(567)"2001/2002"(046) | ||
| 700 | 1 |
_aAmaral, _bDiogo Freitas do, _f1941-2019 |
|
| 702 | 1 |
_aLages, _bMargarida _4550 |
|
| 801 |
_aPT _gRPC |
||
| 990 | _cLIVROS | ||